| 000 | 00622 a2200181 4500 | ||
|---|---|---|---|
| 020 | _a0071125930 | ||
| 020 | _a9780071125932 | ||
| 090 |
_c506 _d506 |
||
| 100 | 1 | _aDilworth. | |
| 245 | 1 | 0 |
_aProduction and operations management / _cDilworth. |
| 260 |
_a[S.l.] : _bMcGraw-Hill Education, _c1993. |
||
| 300 | _a776 p. | ||
| 500 | _aHardcover. | ||
| 650 | 4 | _aProduction & quality control management. | |
| 856 | 4 | 0 |
_3Amazon.com _uhttp://www.amazon.com/exec/obidos/ASIN/0071125930/chopaconline-20 |
| 856 | 4 | 0 |
_3Amazon customer reviews _uhttp://www.chopac.org/cgi-bin/tools/azrev.pl?q=0071125930 |
| 942 |
_aNBS _cBK _k658.5 DIL |
||
| 999 |
_c343065 _d343065 |
||